| 000 | 00611cam a22001931 4500 | ||
|---|---|---|---|
| 001 | 2165290 | ||
| 005 | 20180123041125.0 | ||
| 008 | 730410s1957 ilua 000 0 eng | ||
| 010 | _a 57002291 | ||
| 040 |
_aDLC _cDLC _dDLC |
||
| 041 | _aeng | ||
| 080 | _a649.1 | ||
| 082 | 0 | 0 | _a649.1 SEA |
| 100 | 1 | _a46 | |
| 101 | _aEDU | ||
| 245 | 1 | 0 |
_aPatterns of child rearing, _cby Robert R. Sears, Eleanor E. Maccoby [and] Harry Levin, in collaboration with Edgar L. Lowell, Pauline S. Sears, and John W. M. Whiting. Illus. by Jean Berwick. |
| 906 |
_a7 _bcbc _corignew _du _eocip _f19 _gy-gencatlg |
||
| 942 |
_2ddc _cBK |
||
| 999 |
_c40729 _d40729 |
||